[Event "M.Chigorin Memorial 2013"]
[Site "St. Petersburg"]
[Date "2013.10.10"]
[Round "6.28"]
[White "Golubov, Saveliy"]
[Black "Makarov, Marat"]
[Result "1/2-1/2"]
[WhiteElo "2233"]
[BlackElo "2512"]
[PlyCount "64"]
[EventDate "2013.10.05"]

1. e4 c5 2. Nf3 d6 3. d4 cxd4 4. Nxd4 Nf6 5. Nc3 a6 6. h3 Nc6 7. Be3 e6 8. g4
d5 9. g5 Nxe4 10. Nxe4 dxe4 11. Nxc6 Qxd1+ 12. Rxd1 bxc6 13. Bg2 c5 14. Bxe4
Ra7 15. b4 Bb7 16. Bxb7 Rxb7 17. bxc5 Be7 18. Ke2 Rc7 19. Rd3 Bxc5 20. Rc3 Bd6
21. Rxc7 Bxc7 22. Rd1 f6 23. gxf6 gxf6 24. Rd3 a5 25. f4 Rg8 26. Kf3 Rg7 27.
Rc3 Kd7 28. Bd4 Rg6 29. Rd3 Kc6 30. Rc3+ Kd7 31. Rd3 Kc6 32. Rc3+ Kd7 1/2-1/2

[Event "M.Chigorin Memorial 2013"]
[Site "St. Petersburg"]
[Date "2013.10.10"]
[Round "6.30"]
[White "Shchukin, Dmitry"]
[Black "Raznikov, Danny"]
[Result "1/2-1/2"]
[WhiteElo "2318"]
[BlackElo "2486"]
[PlyCount "76"]
[EventDate "2013.10.05"]

1. e4 c5 2. Nf3 d6 3. d4 cxd4 4. Nxd4 Nf6 5. Nc3 a6 6. f4 Nbd7 7. a4 e5 8. Nf3
Be7 9. Bd3 O-O 10. O-O Nc5 11. Kh1 exf4 12. Bxf4 Bg4 13. h3 Bh5 14. b4 Ne6 15.
Bh2 Rc8 16. Qd2 Bg6 17. Nd5 Nxd5 18. exd5 Ng5 19. c4 a5 20. Rab1 Nxf3 21. Rxf3
Rxc4 22. Bxg6 hxg6 23. bxa5 Rxa4 24. Rfb3 Bg5 25. Qd3 Qxa5 26. Bxd6 Re8 27.
Rxb7 Re1+ 28. Kh2 Ra1 29. Qf3 Bf6 30. Qd3 Qa2 31. Rxe1 Rxe1 32. Bg3 Rc1 33. Bf4
Rc2 34. Qe4 Re2 35. Qd3 Rf2 36. Qe4 Re2 37. Qd3 Rf2 38. Qe4 Re2 1/2-1/2

[Event "M.Chigorin Memorial 2013"]
[Site "St. Petersburg"]
[Date "2013.10.10"]
[Round "6.31"]
[White "Baron, Tal"]
[Black "Kukhmazov, Arsen"]
[Result "1-0"]
[WhiteElo "2473"]
[BlackElo "2239"]
[PlyCount "113"]
[EventDate "2013.10.05"]

1. d4 d5 2. c4 c6 3. Nc3 Nf6 4. e3 e6 5. Bd3 dxc4 6. Bxc4 b5 7. Bd3 Nbd7 8. a3
Bb7 9. Nf3 b4 10. axb4 Bxb4 11. O-O O-O 12. e4 h6 13. e5 Nd5 14. Nxd5 cxd5 15.
Bc2 Re8 16. Qd3 Nf8 17. Bd2 Qb6 18. Bxb4 Qxb4 19. Ra4 Qb6 20. Rfa1 Rec8 21. Qd2
Rc4 22. b4 a6 23. Bd3 Rcc8 24. h3 Rab8 25. Ra5 Nd7 26. Kh2 Rc7 27. Rb1 Rbc8 28.
Ng1 Nb8 29. Ne2 Nc6 30. Rc5 Na7 31. Ra1 Kf8 32. Nc1 Nc6 33. b5 axb5 34. Nb3 Ba6
35. f4 Ne7 36. Qa2 Ra8 37. Rxc7 Qxc7 38. Bxb5 Bb7 39. Qxa8+ Bxa8 40. Rxa8+ Nc8
41. Ba6 Qb6 42. Rxc8+ Ke7 43. Nc5 Qb4 44. Rc7+ Kf8 45. Rc8+ Ke7 46. Nd3 Qb6 47.
Ra8 Qxd4 48. Bb5 f5 49. Ra4 Qe3 50. h4 Qe2 51. Ra7+ Kf8 52. Ra6 Ke7 53. Rxe6+
Kf7 54. Rb6 Qg4 55. Rb7+ Kg6 56. e6 Qxh4+ 57. Kg1 1-0

[Event "M.Chigorin Memorial 2013"]
[Site "St. Petersburg"]
[Date "2013.10.10"]
[Round "6.33"]
[White "Aleksandrov, Aleksej"]
[Black "Biriukov, Oleg V"]
[Result "1/2-1/2"]
[WhiteElo "2600"]
[BlackElo "2328"]
[PlyCount "192"]
[EventDate "2013.10.05"]

1. d4 Nf6 2. c4 e6 3. Nc3 Bb4 4. e3 O-O 5. Bd3 c5 6. Nf3 d5 7. O-O cxd4 8. exd4
dxc4 9. Bxc4 b6 10. Bd3 Bb7 11. Re1 Nbd7 12. Bg5 Rc8 13. Rc1 Be7 14. Bb1 Nd5
15. Qd3 g6 16. Bd2 Re8 17. Ne4 Rxc1 18. Rxc1 Qb8 19. Re1 N7f6 20. Ne5 Nxe4 21.
Qxe4 Qd6 22. Qf3 Bf6 23. h4 Qe7 24. h5 Rf8 25. Qg4 Bg7 26. a3 Nf6 27. Qh4 Nd5
28. Qg3 gxh5 29. Bh6 f6 30. Nf3 Rf7 31. Nh4 Qc7 32. Bxg7 Rxg7 33. Qxc7 Rxc7 34.
Be4 Kg7 35. g3 f5 36. Bd3 Kf6 37. Ng2 Rg7 38. Bc4 Re7 39. Bb3 Rd7 40. Rd1 Rc7
41. Kh2 Rg7 42. Kh3 Re7 43. Re1 Rd7 44. Rc1 Rc7 45. Rxc7 Nxc7 46. Nf4 Bf3 47.
Kh4 h6 48. Nxh5+ Bxh5 49. Kxh5 Kg7 50. a4 a5 51. Bc4 Kh7 52. Ba2 Kg7 53. Bb3
Kh7 54. Bd1 Kg7 55. Bf3 Kh7 56. Bc6 Kg7 57. Bd7 Kh7 58. Bc8 Kg7 59. f3 Kh7 60.
Bd7 Kg7 61. Bc6 Kh7 62. Kh4 Kg6 63. Kh3 Kg5 64. f4+ Kf6 65. Kg2 Ke7 66. Kf2 Kd6
67. Bf3 Ke7 68. Ke3 Kd6 69. Kd3 Ke7 70. Kc4 Kd6 71. Bg2 Ke7 72. d5 Kd6 73. dxe6
Kxe6 74. Bf1 Kd6 75. Bd3 Ke6 76. Bb1 Kf6 77. Kd4 Ke6 78. Ba2+ Kd6 79. Bc4 Ne6+
80. Bxe6 Kxe6 81. Kc4 Kd6 82. Kb5 Kc7 83. b3 Kb7 84. Kc4 Kc6 85. Kd4 Kd6 86.
Kc4 Kc6 87. b4 axb4 88. Kxb4 Kc7 89. Kc3 Kc6 90. Kc4 Kd6 91. Kd4 Ke6 92. Kc4
Kd6 93. Kb5 Kc7 94. Kb4 Kd6 95. Kc4 Kc6 96. Kb4 Kd6 1/2-1/2

[Event "M.Chigorin Memorial 2013"]
[Site "St. Petersburg"]
[Date "2013.10.10"]
[Round "6.34"]
[White "Epishin, Vladimir"]
[Black "Bublei, Pavel"]
[Result "1-0"]
[WhiteElo "2572"]
[BlackElo "2328"]
[PlyCount "87"]
[EventDate "2013.10.05"]

1. d4 d5 2. c4 e6 3. Nc3 Nf6 4. cxd5 exd5 5. Bg5 Be7 6. e3 h6 7. Bh4 O-O 8. Bd3
c5 9. dxc5 Nbd7 10. Nge2 Nxc5 11. O-O Be6 12. Nf4 Bg4 13. Be2 Bxe2 14. Nfxe2
Qd7 15. Qc2 Nce4 16. Rad1 Rac8 17. Bxf6 Nxf6 18. Qb3 Rfd8 19. Nf4 Rc5 20. h3 b5
21. Rd4 a5 22. Rfd1 a4 23. Qc2 Qc8 24. Qe2 Qf5 25. Qf3 Bf8 26. Nfxd5 Qxf3 27.
gxf3 Nxd5 28. Rxd5 Rcxd5 29. Rxd5 Rxd5 30. Nxd5 g6 31. Kf1 g5 32. Ke2 Bg7 33.
b3 axb3 34. axb3 Kh7 35. f4 Kg6 36. Kf3 Bf8 37. e4 gxf4 38. Kxf4 Bd6+ 39. e5
Bc5 40. f3 Kh5 41. Kf5 Kh4 42. Kf6 Kxh3 43. Kxf7 Kg2 44. b4 1-0

[Event "M.Chigorin Memorial 2013"]
[Site "St. Petersburg"]
[Date "2013.10.10"]
[Round "6.35"]
[White "Duzhakov, Ilya"]
[Black "Jumabayev, Rinat"]
[Result "1/2-1/2"]
[WhiteElo "2326"]
[BlackElo "2568"]
[PlyCount "95"]
[EventDate "2013.10.05"]

1. d4 Nf6 2. c4 g6 3. Nc3 d5 4. Nf3 Bg7 5. e3 O-O 6. b4 Bg4 7. Bb2 c6 8. h3
Bxf3 9. Qxf3 Qd6 10. a3 Nbd7 11. cxd5 cxd5 12. Bb5 a6 13. Bxd7 Qxd7 14. O-O
Rfc8 15. Rac1 e6 16. Qd1 Ne8 17. Qb3 Nd6 18. Na4 Nc4 19. Rc2 Rc6 20. Rfc1 Bh6
21. Kh1 b6 22. Bc3 Rac8 23. Be1 Bf8 24. Nb2 h5 25. Kg1 b5 26. Nd3 Bd6 27. Nc5
Qe7 28. Qd3 e5 29. e4 dxe4 30. Nxe4 exd4 31. Qxd4 Be5 32. Qd3 Bf4 33. Rd1 Re6
34. Re2 Re8 35. Bc3 Be5 36. Rde1 Rd8 37. Qf3 Bxc3 38. Nxc3 Rxe2 39. Rxe2 Qg5
40. Ne4 Qc1+ 41. Kh2 Qa1 42. Nf6+ Kg7 43. Ne8+ Rxe8 44. Rxe8 Nd2 45. Qe2 Nf1+
46. Kg1 Ne3+ 47. Kh2 Nf1+ 48. Kg1 1/2-1/2

[Event "M.Chigorin Memorial 2013"]
[Site "St. Petersburg"]
[Date "2013.10.10"]
[Round "6.36"]
[White "Kostin, Konstantin"]
[Black "Anisimov, Pavel"]
[Result "1/2-1/2"]
[WhiteElo "2337"]
[BlackElo "2538"]
[PlyCount "81"]
[EventDate "2013.10.05"]

1. b3 e5 2. Bb2 Nc6 3. e3 Nf6 4. Bb5 Bd6 5. Bxc6 dxc6 6. d3 Bg4 7. Ne2 Qe7 8.
h3 Bh5 9. Nd2 O-O-O 10. g4 Bg6 11. Ng3 h5 12. Nf5 Qd7 13. Nxd6+ cxd6 14. g5 Nd5
15. Ne4 h4 16. Qg4 Qxg4 17. hxg4 Nc7 18. Nxd6+ Rxd6 19. Bxe5 Rd5 20. Bxg7 Rh7
21. Bh6 f6 22. f4 Ne6 23. Rxh4 fxg5 24. fxg5 Nxg5 25. Ke2 Nf7 26. Rah1 Rd8 27.
Bf4 Rxh4 28. Rxh4 Rh8 29. Rxh8+ Nxh8 30. e4 Nf7 31. Ke3 Kd7 32. Bb8 a6 33. Kf4
b5 34. Ba7 Ke6 35. Bd4 Bh7 36. Bg7 Bg6 37. Bd4 Bh7 38. Bg7 Bg6 39. Bd4 Bh7 40.
Bg7 Bg6 41. Bd4 1/2-1/2

[Event "M.Chigorin Memorial 2013"]
[Site "St. Petersburg"]
[Date "2013.10.10"]
[Round "6.37"]
[White "Rozum, Ivan"]
[Black "Ivakhinova, Inna"]
[Result "1/2-1/2"]
[WhiteElo "2533"]
[BlackElo "2312"]
[PlyCount "134"]
[EventDate "2013.10.05"]

1. b3 d5 2. Bb2 Nf6 3. e3 c5 4. Nf3 Nc6 5. Bb5 Qc7 6. O-O a6 7. Bxc6+ Qxc6 8.
d3 g6 9. Nbd2 Bg7 10. Qe1 Qc7 11. c4 dxc4 12. Nxc4 O-O 13. Rc1 Bg4 14. Nfe5 Be6
15. d4 cxd4 16. Bxd4 Rac8 17. Qd2 Qb8 18. Nb6 Rxc1 19. Rxc1 Rd8 20. Qb2 Nd5 21.
Na4 f6 22. Nc4 Bf7 23. Nab6 Nb4 24. Qa3 Nc6 25. Bc5 Bf8 26. h3 Rd3 27. Na5 Nxa5
28. Qxa5 Rd8 29. Ba3 Kg7 30. Qc3 Be6 31. Bb4 Kf7 32. a4 f5 33. a5 Bg7 34. Qc5
Bf8 35. Qc2 Qe5 36. Bc5 Qc7 37. Qb2 Qb8 38. Bd4 Qd6 39. b4 Kg8 40. Rc5 Bf7 41.
f4 Be8 42. Qb3+ Bf7 43. Qc3 Qe6 44. Kh2 Be8 45. Re5 Qa2 46. Nc4 Rc8 47. Rc5
Rxc5 48. Bxc5 Bc6 49. Nd2 Qd5 50. Nf3 Bg7 51. Qc2 Bf8 52. Ne5 Qe4 53. Qd2 Qd5
54. Qf2 Bb5 55. Qh4 Qe6 56. Nf3 Qf6 57. Qf2 Bc6 58. Ng5 Bd5 59. Nf3 Qc6 60. Nd4
Qd7 61. Qh4 Qa4 62. Nxf5 Qc2 63. e4 Qxe4 64. Ne3 Bc6 65. Qg5 Bg7 66. h4 Bf6 67.
Qg3 Kg7 1/2-1/2

[Event "M.Chigorin Memorial 2013"]
[Site "St. Petersburg"]
[Date "2013.10.10"]
[Round "6.38"]
[White "Sivuk, Vitaly"]
[Black "Donskov, Anatoly"]
[Result "1/2-1/2"]
[WhiteElo "2517"]
[BlackElo "2317"]
[PlyCount "116"]
[EventDate "2013.10.05"]

1. e4 c5 2. Nf3 Nc6 3. d4 cxd4 4. Nxd4 Nf6 5. Nc3 d6 6. Bg5 e6 7. Qd2 a6 8.
O-O-O Bd7 9. f3 b5 10. g4 Qc7 11. Nxc6 Bxc6 12. Bd3 Be7 13. Ne2 Bd8 14. Nd4 Bb7
15. h4 Qa5 16. Kb1 Qxd2 17. Bxd2 Nd7 18. Bb4 Be7 19. Nb3 d5 20. Bc3 dxe4 21.
Bxe4 Bxe4 22. fxe4 Bf6 23. Be1 Be5 24. Nd4 Bxd4 25. Rxd4 Ne5 26. g5 Nf3 27. Rd6
Nxe1 28. Rxe1 Ke7 29. e5 h6 30. Red1 Ra7 31. Rb6 hxg5 32. hxg5 Rh5 33. Rg1 Rh2
34. g6 fxg6 35. a4 Rc7 36. axb5 axb5 37. c3 Rh5 38. Rxb5 Kf7 39. Kc2 Rf5 40.
Rg3 g5 41. b4 Kg6 42. Kb3 Rf4 43. Rb8 g4 44. b5 Kg5 45. b6 Rc6 46. Rg1 Rf3 47.
Kb4 Rfxc3 48. Rg8 R6c4+ 49. Kb5 Rc5+ 50. Ka6 Ra3+ 51. Kb7 g6 52. Rc8 Rxc8 53.
Kxc8 Rc3+ 54. Kd7 Rb3 55. Kc7 Rc3+ 56. Kd7 Rb3 57. Kc7 Rc3+ 58. Kd7 Rb3 1/2-1/2

[Event "M.Chigorin Memorial 2013"]
[Site "St. Petersburg"]
[Date "2013.10.10"]
[Round "6.39"]
[White "Molchanova, Tatjana"]
[Black "Neverov, Valeriy"]
[Result "1/2-1/2"]
[WhiteElo "2311"]
[BlackElo "2505"]
[PlyCount "125"]
[EventDate "2013.10.05"]

1. Nf3 Nf6 2. c4 e6 3. d4 b6 4. Bg5 Bb7 5. Nbd2 h6 6. Bh4 c5 7. e3 Be7 8. a3
O-O 9. Bd3 Nc6 10. O-O cxd4 11. exd4 d5 12. Rc1 dxc4 13. Nxc4 Nh5 14. Bg3 Nxg3
15. hxg3 Bf6 16. Be4 Rb8 17. Bxc6 Bxc6 18. Nce5 Bb7 19. Nc6 Bxc6 20. Rxc6 Qd5
21. Rc7 a5 22. Qd2 Rfd8 23. Qf4 Qd6 24. Qxd6 Rxd6 25. Rfc1 Bxd4 26. Nxd4 Rxd4
27. Ra7 Rd2 28. b4 axb4 29. axb4 Rb2 30. Rc4 Rd8 31. Rf4 f5 32. g4 Rd5 33. Re7
Re5 34. gxf5 Rxf5 35. Rg4 Rg5 36. Rxg5 hxg5 37. Rxe6 Rxb4 38. Re5 g4 39. Kh2
Rb3 40. Rg5 Rb4 41. Kg3 b5 42. Rc5 Kf7 43. Rg5 Kf6 44. Rc5 Kg6 45. Rd5 Kh6 46.
Re5 g5 47. Re8 Rc4 48. Rh8+ Kg7 49. Rb8 b4 50. Rb6 Kf7 51. Rb5 Kf6 52. Rb6+ Ke5
53. Rb5+ Kd4 54. Kxg4 Kc3+ 55. Kxg5 b3 56. f4 Rb4 57. Rc5+ Kd2 58. Rd5+ Ke2 59.
Re5+ Kf2 60. Rd5 b2 61. Rd1 b1=Q 62. Rxb1 Rxb1 63. f5 1/2-1/2

[Event "M.Chigorin Memorial 2013"]
[Site "St. Petersburg"]
[Date "2013.10.10"]
[Round "6.40"]
[White "Melnikov, Dmitry"]
[Black "Chekhov, Sergei"]
[Result "0-1"]
[WhiteElo "2311"]
[BlackElo "2455"]
[PlyCount "62"]
[EventDate "2013.10.05"]

1. e4 c5 2. Nf3 e6 3. Nc3 a6 4. d4 cxd4 5. Nxd4 Qc7 6. g3 Bb4 7. Bd2 Nf6 8. Bg2
Nc6 9. Nb3 Be7 10. O-O d6 11. f4 O-O 12. g4 Nd7 13. g5 f6 14. gxf6 Bxf6 15. f5
Nde5 16. fxe6 Bxe6 17. Nd5 Qd8 18. Bc3 Bg5 19. Rxf8+ Qxf8 20. Nc7 Be3+ 21. Kh1
Ng4 22. Be1 Qf2 23. Bxf2 Nxf2+ 24. Kg1 Nxd1+ 25. Kf1 Nf2 26. Kg1 Bxb3 27. Nxa8
Bxc2 28. Nc7 Nd1+ 29. Kh1 Bd4 30. Bf3 Ne5 31. Rc1 Nxf3 0-1

[Event "M.Chigorin Memorial 2013"]
[Site "St. Petersburg"]
[Date "2013.10.10"]
[Round "6.41"]
[White "Aharon, Ofir"]
[Black "Givon, Asaf"]
[Result "0-1"]
[WhiteElo "2310"]
[BlackElo "2445"]
[PlyCount "52"]
[EventDate "2013.10.05"]

1. e4 c5 2. Nf3 d6 3. d4 cxd4 4. Nxd4 Nf6 5. Nc3 a6 6. h3 e5 7. Nde2 h5 8. Bg5
Be6 9. Bxf6 Qxf6 10. Nd5 Qd8 11. Nec3 g6 12. Bc4 Bh6 13. O-O O-O 14. a4 Nc6 15.
Qd3 Rc8 16. Ba2 Kg7 17. Kh1 Qh4 18. Ne2 Bxd5 19. Qxd5 Nb4 20. Qxb7 Rxc2 21. Ng1
Nd3 22. g3 Qf6 23. Qb3 Rd2 24. f3 Qg5 25. Ne2 Qe3 26. Rad1 Qxe2 0-1

[Event "M.Chigorin Memorial 2013"]
[Site "St. Petersburg"]
[Date "2013.10.10"]
[Round "6.42"]
[White "Zhurikhin, Alexander"]
[Black "Paravyan, David"]
[Result "1-0"]
[WhiteElo "2308"]
[BlackElo "2444"]
[PlyCount "117"]
[EventDate "2013.10.05"]

1. e4 e6 2. d4 d5 3. Nc3 Bb4 4. exd5 exd5 5. Bd3 Nc6 6. Nge2 Nge7 7. O-O Bf5 8.
Ng3 Bg6 9. Nce2 Qd7 10. Nf4 O-O-O 11. c3 Bd6 12. b4 Bxf4 13. Bxf4 Bxd3 14. Qxd3
h5 15. Ne2 f6 16. Bd2 Nf5 17. a4 Nd6 18. Nf4 Qf5 19. Qxf5+ Nxf5 20. Ng6 Rhe8
21. Rfe1 Nce7 22. Nf4 Rh8 23. f3 Rde8 24. Re6 g5 25. Nd3 Rhf8 26. Rae1 Kd8 27.
Nc5 b6 28. Na6 Rf7 29. Nb8 Ng7 30. R6e2 Kc8 31. Nc6 Kd7 32. Nxe7 Rexe7 33.
Rxe7+ Rxe7 34. Rd1 Nf5 35. Kf2 h4 36. Ra1 Ke6 37. b5 Kf7 38. Bc1 Re8 39. g3 Ra8
40. Rb1 a6 41. gxh4 Nxh4 42. f4 axb5 43. Rxb5 Ke6 44. fxg5 Rxa4 45. gxf6 Ra5
46. Rb2 Ng6 47. Bg5 Ra3 48. Rc2 Kf5 49. h4 Nh8 50. Re2 Rxc3 51. Re7 c5 52. f7
Nxf7 53. Rxf7+ Kg4 54. Rb7 cxd4 55. Rxb6 Rc2+ 56. Ke1 Kf3 57. Re6 Rh2 58. Re5
d3 59. Re3+ 1-0

[Event "M.Chigorin Memorial 2013"]
[Site "St. Petersburg"]
[Date "2013.10.10"]
[Round "6.43"]
[White "Sichinava, Zviad"]
[Black "Smirnov, Artem"]
[Result "1-0"]
[WhiteElo "2305"]
[BlackElo "2434"]
[PlyCount "71"]
[EventDate "2013.10.05"]

1. d4 Nf6 2. Bg5 e6 3. e4 h6 4. Bxf6 Qxf6 5. c3 d5 6. Bd3 c5 7. Nf3 Nc6 8. O-O
cxd4 9. cxd4 dxe4 10. Bxe4 Be7 11. Qd2 O-O 12. Nc3 Rd8 13. Bxc6 bxc6 14. Ne4
Qf5 15. Qe3 c5 16. Nxc5 Bxc5 17. dxc5 Bb7 18. Rfd1 Qc2 19. Rdc1 Qa4 20. Ne5
Rac8 21. b3 Qa6 22. b4 Rd5 23. a4 Rcd8 24. b5 Qa5 25. c6 Bc8 26. c7 Re8 27. Nc6
Qxc7 28. Nxa7 Qd7 29. Nxc8 Rxc8 30. Rxc8+ Qxc8 31. h3 Qc2 32. Qc1 Qe4 33. Qb1
Qd4 34. b6 Rf5 35. b7 Qxf2+ 36. Kh1 1-0

[Event "M.Chigorin Memorial 2013"]
[Site "St. Petersburg"]
[Date "2013.10.10"]
[Round "6.44"]
[White "Solovyov, Viktor"]
[Black "Yagupov, Igor"]
[Result "0-1"]
[WhiteElo "2298"]
[BlackElo "2432"]
[PlyCount "68"]
[EventDate "2013.10.05"]

1. Nf3 c5 2. c4 g6 3. Nc3 Bg7 4. e3 Nf6 5. d4 cxd4 6. exd4 d5 7. Be2 Nc6 8. O-O
O-O 9. h3 dxc4 10. Bxc4 Na5 11. Be2 Be6 12. Re1 Rc8 13. Ne5 Nd5 14. Bd2 Nc6 15.
Bf3 Nxd4 16. Bxd5 Bxd5 17. Bf4 Bc6 18. Nxc6 Rxc6 19. Qa4 a6 20. Be5 Bxe5 21.
Rxe5 b5 22. Qd1 Rd6 23. Rc1 Nf5 24. Qb3 Rd2 25. Qb4 Qd4 26. Qxd4 Nxd4 27. Rxe7
Rxb2 28. Rd7 Nf5 29. Ra7 Rc8 30. Rxa6 Rc4 31. Ra3 Nd4 32. Rd1 Kg7 33. Ra7 Nc6
34. Nxb5 Nxa7 0-1

[Event "M.Chigorin Memorial 2013"]
[Site "St. Petersburg"]
[Date "2013.10.10"]
[Round "6.45"]
[White "Iljiushenok, Ilia"]
[Black "Pustovoitova, Daria"]
[Result "1/2-1/2"]
[WhiteElo "2418"]
[BlackElo "2286"]
[PlyCount "112"]
[EventDate "2013.10.05"]

1. e4 e6 2. d4 d5 3. e5 c5 4. c3 Nc6 5. Nf3 Bd7 6. Be2 Nge7 7. Na3 cxd4 8. cxd4
Ng6 9. Nc2 Be7 10. O-O O-O 11. Re1 f6 12. exf6 gxf6 13. g3 Kh8 14. Ne3 Rg8 15.
Ng2 Bd6 16. a3 Nce7 17. b4 Qf8 18. Qd2 Rc8 19. Bb2 Bb8 20. Bd3 Qf7 21. Re2 Rce8
22. Qh6 Nc8 23. Nfh4 Nxh4 24. Nxh4 Nd6 25. a4 f5 26. f3 Qg7 27. Qd2 Nf7 28. f4
Qh6 29. Rg2 Nd6 30. Nf3 Ne4 31. Qe3 Re7 32. Ne5 Be8 33. b5 Reg7 34. Rc1 Bh5 35.
a5 Bg4 36. b6 axb6 37. axb6 Bh3 38. Bxe4 fxe4 39. Rgc2 Bxe5 40. dxe5 Bg4 41.
Rc8 Bf3 42. Rxg8+ Rxg8 43. Bd4 Qh3 44. Qd2 h5 45. f5 e3 46. Bxe3 h4 47. Bf4
hxg3 48. Bxg3 Rxg3+ 49. hxg3 Qxg3+ 50. Kf1 Qh3+ 51. Kf2 Qg2+ 52. Ke3 Qg5+ 53.
Kd3 Be4+ 54. Ke2 Qg2+ 55. Ke3 Qg5+ 56. Ke2 Bf3+ 1/2-1/2

[Event "M.Chigorin Memorial 2013"]
[Site "St. Petersburg"]
[Date "2013.10.10"]
[Round "6.46"]
[White "Khusenkhojaev, Muhammad"]
[Black "Pashinsky, Mikhail"]
[Result "1-0"]
[WhiteElo "2411"]
[BlackElo "2273"]
[PlyCount "61"]
[EventDate "2013.10.05"]

1. d4 d5 2. c4 e6 3. Nf3 c6 4. g3 f5 5. Bg2 Nf6 6. O-O Bd6 7. Nc3 O-O 8. Qc2 b6
9. Ne5 Bxe5 10. dxe5 Ng4 11. Rd1 Bb7 12. cxd5 cxd5 13. e4 d4 14. f4 Qc8 15. h3
Nxe5 16. Rxd4 Nbc6 17. Ra4 Nd7 18. Be3 Na5 19. exf5 exf5 20. Rd1 Nc5 21. Rxa5
bxa5 22. Nd5 Kh8 23. Qxc5 Re8 24. Ne7 Qxc5 25. Bxc5 Bxg2 26. Kxg2 a4 27. Nxf5
g6 28. Ne7 Kg7 29. Rd7 Rad8 30. Nf5+ Kf6 31. Rxd8 1-0

[Event "M.Chigorin Memorial 2013"]
[Site "St. Petersburg"]
[Date "2013.10.10"]
[Round "6.47"]
[White "Cheremnova, Tamara"]
[Black "Borisenko, Andrei"]
[Result "0-1"]
[WhiteElo "2289"]
[BlackElo "2401"]
[PlyCount "108"]
[EventDate "2013.10.05"]

1. d4 e6 2. c4 c5 3. d5 exd5 4. cxd5 d6 5. Nc3 g6 6. Nf3 Bg7 7. Nd2 a6 8. a4
Nd7 9. e4 Ne7 10. Nc4 Ne5 11. Nxe5 Bxe5 12. Bh6 f5 13. Qd2 fxe4 14. Nxe4 Nf5
15. Bg5 Qb6 16. Bf6 Bxf6 17. Nxf6+ Kf7 18. Ne4 Re8 19. Bd3 Qb3 20. O-O Qxd5 21.
Rfe1 Kg7 22. Rad1 Bd7 23. Qc3+ Qd4 24. Bc2 Qxc3 25. bxc3 Bc6 26. f3 d5 27. Nxc5
Ne3 28. Rc1 b6 29. Nd3 Nxc2 30. Rxe8 Bxe8 31. Rxc2 Bxa4 32. Rb2 Bb5 33. Nf4 Bc4
34. Rxb6 a5 35. Ne6+ Kf7 36. Nc7 Ra7 37. Nb5 Bxb5 38. Rxb5 a4 39. Rb2 a3 40.
Ra2 d4 41. Kf2 dxc3 42. Ke2 Rc7 43. Kd3 c2 44. Rxc2 Rxc2 45. Kxc2 Ke6 46. Kb3
Ke5 47. Kxa3 Kf4 48. Kb4 Ke3 49. Kc4 Kf2 50. Kd4 Kxg2 51. Ke5 Kxf3 52. Kf6 Kg2
53. h4 Kg3 54. Kg5 h5 0-1

[Event "M.Chigorin Memorial 2013"]
[Site "St. Petersburg"]
[Date "2013.10.10"]
[Round "6.48"]
[White "Pletnev, Evgeniy"]
[Black "Baghdasaryan, Vahe"]
[Result "0-1"]
[WhiteElo "2278"]
[BlackElo "2395"]
[PlyCount "70"]
[EventDate "2013.10.05"]

1. f4 d5 2. Nf3 g6 3. g3 Bg7 4. Bg2 c5 5. O-O Nc6 6. d3 Nf6 7. c3 O-O 8. Na3
Rb8 9. Ne5 Qb6 10. Kh1 Rd8 11. Nxc6 Qxc6 12. Qe1 b5 13. Bd2 Qe6 14. Nc2 d4 15.
cxd4 cxd4 16. f5 gxf5 17. Bf4 Rb7 18. Qa5 Rbd7 19. Nb4 Nh5 20. Bc7 Rf8 21. Bf3
Qh6 22. Rac1 e5 23. Rc6 Nxg3+ 24. Kg2 Nxf1 25. Rxh6 Ne3+ 26. Kg1 Bxh6 27. Bxe5
f6 28. Bb8 Rg7+ 29. Kh1 f4 30. Bd6 Re8 31. Qxb5 Bd7 32. Qh5 Rc8 33. Bd5+ Kh8
34. Bc4 Nxc4 35. dxc4 Rcg8 0-1

[Event "M.Chigorin Memorial 2013"]
[Site "St. Petersburg"]
[Date "2013.10.10"]
[Round "6.49"]
[White "Nakar, Eylon"]
[Black "Khanin, Semen"]
[Result "0-1"]
[WhiteElo "2390"]
[BlackElo "2270"]
[PlyCount "57"]
[EventDate "2013.10.05"]

1. c4 Nf6 2. Nc3 g6 3. e4 d6 4. d4 Bg7 5. f3 O-O 6. Be3 Nc6 7. Nge2 a6 8. Qd2
Rb8 9. Rc1 Bd7 10. Nd1 h5 11. Nf2 e6 12. g3 d5 13. e5 Nh7 14. Bh6 dxc4 15. Bxg7
Kxg7 16. Rxc4 Ne7 17. Nc3 Bc6 18. Bg2 Qd7 19. O-O Rbd8 20. a4 Nf5 21. Rd1 b5
22. axb5 axb5 23. Rb4 Qe7 24. Nce4 Ba8 25. Re1 Rd5 26. Ra1 c5 27. Nxc5 Qxc5 28.
f4 Nxd4 29. Kh1 0-1

[Event "M.Chigorin Memorial 2013"]
[Site "St. Petersburg"]
[Date "2013.10.10"]
[Round "6.50"]
[White "Zaitsev, Alexander"]
[Black "Gorlanov, Vladislav"]
[Result "1-0"]
[WhiteElo "2386"]
[BlackElo "2249"]
[PlyCount "117"]
[EventDate "2013.10.05"]

1. e4 g6 2. d4 Bg7 3. Nc3 d6 4. f4 Nc6 5. Be3 e5 6. dxe5 dxe5 7. Qxd8+ Kxd8 8.
O-O-O+ Bd7 9. Bc4 Nh6 10. h3 Kc8 11. Nf3 Re8 12. fxe5 Be6 13. Bxe6+ fxe6 14.
Ng5 Nxe5 15. Bd4 b6 16. Rhf1 Re7 17. Nxh7 Nhf7 18. Nf6 Bh6+ 19. Kb1 Kb7 20. b3
Bg5 21. Bg1 Rh8 22. a4 a6 23. Na2 Rh4 24. Rde1 Rh8 25. Be3 Bh4 26. Rd1 Bg5 27.
Bg1 Rh4 28. a5 Bxf6 29. Rxf6 Rxe4 30. Nc3 Rb4 31. axb6 cxb6 32. Na4 g5 33. Nc5+
Ka7 34. Nxe6 Nd7 35. Rxf7 Rxf7 36. Nd8 Rbf4 37. Nxf7 Rxf7 38. Be3 Nc5 39. Bxc5
bxc5 40. Rd5 g4 41. Rxc5 Rf2 42. hxg4 Rxg2 43. g5 Kb6 44. Rf5 Kc6 45. Kb2 Kb6
46. b4 Rg3 47. c3 Rg2+ 48. Kb3 Rg4 49. Rf6+ Kb7 50. g6 Ka7 51. Ka4 Kb7 52. Re6
Ka7 53. Kb3 Kb7 54. Rf6 Ka7 55. c4 Rg3+ 56. Ka4 Kb7 57. c5 Rg2 58. Rb6+ Ka7 59.
Kb3 1-0

[Event "M.Chigorin Memorial 2013"]
[Site "St. Petersburg"]
[Date "2013.10.10"]
[Round "6.51"]
[White "Akkozov, Berik"]
[Black "Sadovsky, Artem"]
[Result "1-0"]
[WhiteElo "2384"]
[BlackElo "2263"]
[PlyCount "95"]
[EventDate "2013.10.05"]

1. d4 g6 2. c4 c6 3. Nc3 d5 4. cxd5 cxd5 5. Bf4 Nf6 6. e3 Bg7 7. Bd3 O-O 8. h3
Nc6 9. Nf3 Bf5 10. Bxf5 gxf5 11. O-O Ne4 12. Rc1 Rc8 13. Nd2 Nb4 14. Ndb1 e6
15. a3 Nc6 16. b4 Ne7 17. Nxe4 dxe4 18. Nc3 Ng6 19. Bh2 Kh8 20. Qa4 Rg8 21.
Qxa7 Nh4 22. Ne2 Rxc1 23. Rxc1 Nxg2 24. Bg3 f4 25. Kxg2 f3+ 26. Kf1 fxe2+ 27.
Kxe2 Qf6 28. Qxb7 Qf3+ 29. Kd2 Bxd4 30. Rc8 Bf6 31. Rxg8+ Kxg8 32. b5 Qf5 33.
Qc6 h5 34. h4 Be7 35. a4 Bb4+ 36. Kc2 Qf3 37. Kb3 Be1 38. Qc1 Ba5 39. Be5 Kh7
40. Qc2 Qf5 41. Bd4 e5 42. Bc3 Bd8 43. a5 Kg6 44. Kb2 Bxh4 45. a6 Qd7 46. Qxe4+
Kg5 47. Qxe5+ Kg4 48. Qd4+ 1-0

[Event "M.Chigorin Memorial 2013"]
[Site "St. Petersburg"]
[Date "2013.10.10"]
[Round "6.52"]
[White "Komiagina, Maria"]
[Black "Ovod, Evgenija"]
[Result "0-1"]
[WhiteElo "2272"]
[BlackElo "2373"]
[PlyCount "98"]
[EventDate "2013.10.05"]

1. e4 e5 2. Nf3 Nc6 3. d4 exd4 4. Nxd4 Bb4+ 5. c3 Bc5 6. Be3 Bb6 7. Qa4 Nge7 8.
Nd2 O-O 9. O-O-O Nxd4 10. Bxd4 Bxd4 11. Qxd4 Nc6 12. Qe3 d6 13. Kb1 f5 14. f3
f4 15. Bc4+ d5 16. Bxd5+ Qxd5 17. exd5 fxe3 18. dxc6 exd2 19. cxb7 Bf5+ 20. Ka1
Rad8 21. b8=Q Rxb8 22. Rxd2 Rbd8 23. Rhd1 Rxd2 24. Rxd2 Kf7 25. b3 Ke7 26. Kb2
Rd8 27. Re2+ Kf6 28. Ka3 c5 29. c4 Rd6 30. Ka4 Bd7+ 31. Ka5 g5 32. g3 h5 33. f4
gxf4 34. gxf4 h4 35. h3 Kf5 36. Re5+ Kxf4 37. Rxc5 Rh6 38. Rc7 Bxh3 39. Rxa7
Bf5 40. Re7 h3 41. Re1 h2 42. Rh1 Be4 43. Rxh2 Rxh2 44. a4 Ke5 45. b4 Kd4 46.
c5 Kc4 47. b5 Kxc5 48. b6 Rb2 49. b7 Rxb7 0-1

[Event "M.Chigorin Memorial 2013"]
[Site "St. Petersburg"]
[Date "2013.10.10"]
[Round "6.53"]
[White "Demianjuk, Alexander"]
[Black "Hairapetian, Anna"]
[Result "1-0"]
[WhiteElo "2355"]
[BlackElo "2227"]
[PlyCount "59"]
[EventDate "2013.10.05"]

1. d4 Nf6 2. c4 g6 3. Nc3 Bg7 4. e4 d6 5. Nf3 O-O 6. h3 c5 7. d5 e5 8. Be2 Na6
9. O-O Nc7 10. a3 Nh5 11. Re1 Bh8 12. Kh2 a6 13. b4 b6 14. Rb1 Ne8 15. Na4 Ra7
16. Bg5 f6 17. Be3 f5 18. bxc5 bxc5 19. Nb6 f4 20. Bd2 h6 21. Nxc8 Qxc8 22. Nh4
Nhf6 23. Nxg6 Rff7 24. Nh4 Nxe4 25. Bg4 Qd8 26. Rxe4 Qxh4 27. Rb8 Rf8 28. Bxf4
Nf6 29. Bg3 Rxb8 30. Be6+ 1-0